|
|
|
|
| LEADER |
00599cam a2200193 a 4500 |
| 001 |
0000050498 |
| 005 |
20011025090000.0 |
| 040 |
|
|
|a mod
|
| 041 |
|
|
|a eng
|
| 020 |
0 |
0 |
|a 9835906874
|
| 090 |
0 |
0 |
|a 304.207
|b HAM
|
| 100 |
0 |
0 |
|a Hammal Umar
|
| 245 |
1 |
0 |
|a Kajian tempatan Tahun 5 KBSR
|c Hammal Umar
|
| 260 |
0 |
0 |
|a Petaling Jaya
|b Sasbadi
|c 2000
|
| 300 |
0 |
0 |
|a vi,150p.
|b ill.
|c 21cm
|
| 440 |
0 |
0 |
|a Target PKSR Formula bestari
|
| 650 |
0 |
0 |
|a Environmental science
|x Study and teaching (Primary
|
| 650 |
0 |
0 |
|a Sosial ecology
|x Study and teaching (primary
|
| 999 |
|
|
|a 0182526
|b KD Malaya
|d BOOKS
|e Umum
|f KD MALAYA
|j AVAILABLE
|q GOOD CONDITION
|